Navires One Piece - Statistiques

Statistiques générales
  • Ce quiz a été pris 50 fois
  • Le résultat moyen est 7 sur 14
Statistiques - réponses
Indice Réponse % Correct
Anciennement pour les mugiwaras Vogue Merry
100%
Restaurant sur l'eau Baratie
97%
Appartient aux mugiwaras Thousand Sunny
97%
Le seul a avoir vu le One Piece Oro Jackson
76%
Le principal a Marine Ford Moby Dick
70%
Sous marin Polar Tang
55%
Utilisé pour aller sur la lune Arche Maxime
48%
Transmis chez les Van Der Decken Hollandais Volant
48%
Son capitaine est roux Red Force
39%
Il a presque détruit une ile Noah
30%
Porte le nom d'un mugiwara, arme Battle Franky
24%
Utilisé par Bartolomeo Going Luffy-Senpai
12%
Miniature d'un bateau Mini Merry II
9%
Assemblage de bateaux Royaume Germa
9%
Aucun quiz correspondant
Distribution des résultats
% des personnes avec chaque résultat
Percentile par nombre de réponses
Votre historique - résultats
Vous n’avez pas pris ce quiz